000
00221 a2200109 4500
020
_a
9780805444995
041
_a
spa
100
_a
Danita Thomas
245
_a
Inventos De Dimensiones Biblicas
942
_c
BK
952
_7
1
999
_c
24346
_d
24346